| 000 | 00809nam a22002657a 4500 | ||
|---|---|---|---|
| 001 | 7462 | ||
| 003 | FISKH | ||
| 005 | 20250717143725.0 | ||
| 008 | 250717b cb ||||| |||| 00| 0 eng d | ||
| 020 | _a0437899217 | ||
| 040 |
_aFISKH _beng _cFISKH _dFISKH |
||
| 050 | _aQP91 .Z53 | ||
| 082 | _a612 | ||
| 100 | _aZim, Herbert S. | ||
| 245 |
_aBlood / _cBy Herbert S.Zim : illustrated by Rene Martin |
||
| 250 | _aFirst published in Great Britain in 1969 | ||
| 260 |
_aNew York : _bA World's work Children's Book , _c1968. |
||
| 300 |
_a63 pages : _billustrations ; _c22 cm . |
||
| 520 | _aDiscusses The Blood & The Circulatory System. | ||
| 650 |
_aHuman body _vNon-fiction |
||
| 650 |
_aHuman physiology _vNon-fiction |
||
| 700 |
_aMartin, Rene _eIllustrator |
||
| 942 |
_2ddc _cBK _n0 |
||
| 999 |
_c7462 _d7462 |
||